Mot par définition lettre A - Statistiques

Statistiques générales
  • Ce quiz a été pris 206 fois
  • Le résultat moyen est 6 sur 15
Statistiques - réponses
Définition Réponse % Correct
Mayonnaise à l'ail Aïoli
93%
Local où travaille une personne exerçant une activité manuelle Atelier
80%
Sous-produits comestibles des animaux de boucherie Abats
70%
Etre venu d'ailleurs, extra-terrestre Alien
66%
Arrivé au terme de sa croissance Adulte
49%
Action de mettre les bras autour du cou ou sur les épaules de qqn pour l'accueillir ou l'honorer Accolade
40%
Action de gravir une montagne Ascension
36%
Versant d'une montagne exposé au soleil Adret
35%
Langue turque de l'Azerbaïjan Azéri
33%
Synonyme déconseillé de coussin gonflable Airbag
19%
Ancienne mesure de superficie agraire qui valait environ 50 ares Acre
17%
Discipline mêlant la gymnastique, l'acrobatie et la chorégraphie Acrosport
17%
Disque Album
9%
Augmenter la quantité, le volume, l'étendue de Amplifier
6%
Linge bénit, que le prêtre catholique se place sur le cou et les épaules avant de passer l'aube Amict
1%
Aucun quiz correspondant
Distribution des résultats
% des personnes avec chaque résultat
Percentile par nombre de réponses
Votre historique - résultats
Vous n’avez pas pris ce quiz